000 00505cam a2200157 4500500
005 20260322012508.0
041 _afre
042 _adc
100 1 0 _aBourgeois, Didier
_eauthor
700 1 0 _aBigot, Nouzha
_eauthor
245 0 0 _aL’axe du narcissisme dans l’approche clinique contemporaine
260 _c2006.
500 _a9
786 0 _nPsy Cause | 46 | 4 | 2006-01-03 | p. 16-22 | 1245-2394
856 4 1 _uhttps://shs.cairn.info/revue-psy-cause-2006-4-page-16?lang=fr&redirect-ssocas=7080
999 _c1773212
_d1773212